| 000 | 00672cam a2200169ua 4500 | ||
|---|---|---|---|
| 020 | _c5.00 | ||
| 041 |
_aeng _h |
||
| 082 |
_a624.131 _bIND/SP |
||
| 110 | 1 |
_aIndian Standard Instituition . _b _c() |
|
| 245 | _aSpecification for compaction rammer for soil testing IS:9198-1979 | ||
| 260 |
_aNew Delhi : _bIndian Standards Institution , _c1979. |
||
| 300 | _a9 ; . | ||
| 365 | _a5.00 | ||
| 504 | _a | ||
| 942 | _cBK | ||
| 999 |
_c5975 _d5975 |
||